[Event "Finistere-chB 0405"]
[Site "Finistere"]
[Date "2004.11.20"]
[Round "2"]
[White "Le Du, Michel"]
[Black "Scagnelli, Marc"]
[Result "1-0"]
[WhiteElo "1969"]
[BlackElo "1600"]
[PlyCount "117"]
[EventDate "2004.10.16"]
[EventType "swiss"]
[EventRounds "7"]
[EventCountry "FRA"]
[SourceTitle "EXT 2007"]
[Source "ChessBase"]
[SourceDate "2006.11.23"]
[SourceVersion "1"]
[SourceVersionDate "2006.11.23"]
[SourceQuality "1"]

1. e4 g6 2. d4 Bg7 3. Be3 d6 4. Nc3 Nf6 5. f3 0-0 6. Qd2 Nc6 7. 0-0-0 e5 8. Nge2 Bd7 9. g4 Re8 10. d5 Ne7 11. Ng3 Rf8 12. h4 Ne8 13. h5 a6 14. Qh2 g5 15. Bxg5 h6 16. Be3 f6 17. Qd2 Kh7 18. Bd3 Ng8 19. Rdg1 Kh8 20. Nf5 Bxf5 21. gxf5 Kh7 22. Rg4 Kh8 23. Rhg1 Rf7 24. Bxh6 Nxh6 25. Rxg7 Rxg7 26. Qxh6+ Kg8 27. Rg6 Qe7 28. Qe3 Rxg6 29. fxg6 Qg7 30. Ne2 c5 31. Ng3 Kf8 32. Nf5 Qd7 33. Qh6+ Kg8 34. Qd2 Ng7 35. Nh6+ Kf8 36. Qh2 Ke7 37. Ng4 Rh8 38. h6 Qd8 39. Ne3 Qe8 40. Nf5+ Nxf5 41. exf5 b5 42. f4 c4 43. Be4 Kd7 44. fxe5 dxe5 45. h7 Qf8 46. Qd2 b4 47. Qe3 Kc8 48. Qd2 a5 49. d6 Kd7 50. Bd5 Qg7 51. Be6+ Kd8 52. Qe3 Qb7 53. Bxc4 Qh1+ 54. Kd2 Qh2+ 55. Be2 Qf4 56. Qxf4 exf4 57. Bc4 Kd7 58. Bg8 Kxd6 59. g7 1-0

[Event "Finistere-ch"]
[Site "Finistere"]
[Date "2003.05.10"]
[Round "7"]
[White "Le Henaff, Julien"]
[Black "Scagnelli, Marc"]
[Result "1-0"]
[WhiteElo "1810"]
[BlackElo "1510"]
[PlyCount "65"]
[EventDate "2003.10.19"]
[EventType "swiss"]
[EventRounds "7"]
[EventCountry "FRA"]
[SourceTitle "EXT 2008"]
[Source "ChessBase"]
[SourceDate "2007.11.25"]
[SourceVersion "1"]
[SourceVersionDate "2007.11.25"]
[SourceQuality "1"]

1. e4 e5 2. Nf3 Nc6 3. Bc4 Nf6 4. d3 d6 5. h3 Na5 6. Bb3 Nxb3 7. axb3 Be7 8. 0-0 c6 9. Be3 b6 10. Nbd2 Be6 11. d4 Nd7 12. c3 Qc7 13. c4 exd4 14. Nxd4 Bf6 15. f4 Bxd4 16. Bxd4 f6 17. Qe1 0-0-0 18. Ra3 Nf8 19. Qe3 Rd7 20. Rfa1 Qb8 21. Bxb6 c5 22. Bxa7 Qb7 23. Bxc5 dxc5 24. Ra8+ Qb8 25. Rxb8+ Kxb8 26. Qxc5 Rb7 27. Qd6+ Rc7 28. f5 Bc8 29. c5 Nd7 30. b4 Re8 31. b5 Nxc5 32. b6 Nxe4 33. Qxc7# 1-0

[Event "Finistere-ch"]
[Site "Finistere"]
[Date "2003.03.22"]
[Round "6"]
[White "Scagnelli, Marc"]
[Black "Cante, Alain"]
[Result "1-0"]
[WhiteElo "1420"]
[BlackElo "1720"]
[PlyCount "113"]
[EventDate "2003.10.19"]
[EventType "swiss"]
[EventRounds "7"]
[EventCountry "FRA"]
[SourceTitle "EXT 2008"]
[Source "ChessBase"]
[SourceDate "2007.11.25"]
[SourceVersion "1"]
[SourceVersionDate "2007.11.25"]
[SourceQuality "1"]

1. e4 e5 2. Nf3 Nc6 3. Bb5 d6 4. Bxc6+ bxc6 5. d3 Nf6 6. Bg5 Be7 7. Bxf6 Bxf6 8. Nc3 Ba6 9. Qd2 0-0 10. 0-0 g6 11. Qe2 Bg7 12. Rfe1 f5 13. Nd2 f4 14. f3 Qg5 15. Qf2 Bf6 16. Re2 h5 17. Kf1 h4 18. h3 Kf7 19. Ree1 Rh8 20. Ke2 Rad8 21. Kd1 Bb7 22. b3 a6 23. Ke2 c5 24. Kd1 c6 25. a3 d5 26. a4 a5 27. Ke2 Ba6 28. Rab1 c4 29. Rg1 d4 30. Nd1 c3 31. Nc4 Bxc4 32. bxc4 Rb8 33. Rxb8 Rxb8 34. Nxc3 dxc3 35. Qa7+ Be7 36. Qxb8 Bc5 37. Qc7+ Qe7 38. Qxe7+ Kxe7 39. Rb1 Bb4 40. Kd1 Kd6 41. Rb3 Kc5 42. Ke2 Kd4 43. Kd1 g5 44. Ke2 Kc5 45. Kf2 Kd6 46. Rb1 Kc7 47. Ke2 Kb6 48. Rd1 Kc5 49. d4+ Kxc4 50. dxe5 Bc5 51. e6 Kb4 52. Rd7 Kxa4 53. e7 Bxe7 54. Rxe7 Ka3 55. Kd3 a4 56. Kxc3 Ka2 57. Ra7 1-0

[Event "Finistere-chT 0102"]
[Site "Finistere"]
[Date "2002.01.26"]
[Round "4.8"]
[White "Scagnelli, Marc"]
[Black "Colin, Erwan"]
[Result "1/2-1/2"]
[WhiteElo "1499"]
[BlackElo "1600"]
[PlyCount "85"]
[EventDate "2001.??.??"]
[EventType "team-tourn"]
[EventRounds "7"]
[EventCountry "FRA"]
[SourceTitle "EXT 2003"]
[Source "ChessBase"]
[SourceDate "2002.11.25"]
[SourceVersion "1"]
[SourceVersionDate "2002.11.25"]
[SourceQuality "1"]

1. e4 e5 2. Nf3 Nc6 3. Bb5 a6 4. Bxc6 dxc6 5. d3 Bd6 6. 0-0 Ne7 7. Bg5 h6 8. Bxe7 Qxe7 9. Nbd2 0-0 10. Nc4 Bg4 11. h3 Bd7 12. Qe2 Rae8 13. Rad1 f5 14. Nfd2 f4 15. Nf3 c5 16. c3 Qe6 17. b3 Qg6 18. Nh4 Qg5 19. Nf5 Bxf5 20. exf5 Rxf5 21. Qg4 Qf6 22. Qf3 b6 23. Nd2 Qe6 24. c4 Rff8 25. Ne4 Be7 26. Rd2 Rd8 27. Rfd1 Rd7 28. Nc3 c6 29. Re2 Rfd8 30. Re4 Rd4 31. Ne2 Rxe4 32. Qxe4 Qf6 33. f3 Qd6 34. Nc3 Rd7 35. Rd2 Bd8 36. Nd1 Qf6 37. Nf2 h5 38. Nd1 Rd4 39. Qe1 b5 40. Nb2 Ba5 41. Qe2 Bxd2 42. Qxd2 Qd8 43. Kf1 1/2-1/2